000 00674cam a2200277ua 4500
020 _c6.75
041 _amal
_h
082 _a637.14
_bDEV/AD
100 _aDevasia, .
245 _aAdhunika gavya mruga samrakshanam /
_cDevasia.
_hTextual Documents
250 _a1 /
_b.
260 _aThiruvananthapuram :
_bState Instititute of Languages ,
_c1973.
300 _a336 ; .
365 _a6.75
504 _a
942 _cBK
999 _c10892
_d10892